| 000 | 00806nam a2200229Ia 4500 | ||
|---|---|---|---|
| 008 | 130821s1999 sp gr spa | ||
| 020 | _a8420442062 | ||
| 040 |
_aCo-BoUCM _bspa |
||
| 041 | 0 | 0 | _aspa |
| 100 |
_aGrass, Gunter _d1927- _957679 |
||
| 245 | 0 | 0 |
_aPartos mentales o los alemanes se extinguen _cGunter Grass, traducción de Genoveva Dieterich |
| 250 | _a2a. ed | ||
| 260 |
_aMadrid (España) _bGrupo Santilla de Ediciones _c1999 |
||
| 300 | _a163 páginas | ||
| 500 | _aPremio Nobel de Literatura, 1999 | ||
| 650 | 0 | 4 |
_aLiteratura alemana _918601 |
| 650 | 0 | 4 |
_aNovela alemana _920461 |
| 700 |
_aDieterich, Genoveva _eTra _9158052 |
||
| 765 | _tKopfgeburten oder die Deutschen Sterben Aus | ||
| 942 |
_cLIBRO _a18 _e2 _mG768P _2DEWEY _h833.914 |
||
| 999 |
_c30891 _d30891 |
||